[Event "Pulvérisation CaroKannisante!"]
[Site "SchemingMind.com"]
[Date "2006.05.03"]
[Round "-"]
[White "tardon"]
[Black "MatdeInverses"]
[Result "0-1"]
[WhiteCountry "ESP"]
[BlackCountry "USA"]
[WhiteElo "1634"]
[WhiteRD "108"]
[BlackElo "1956"]
[BlackRD "47"]
[GameID "49162"]

1. e4 c6 2. d4 d5 3. e5 Bf5 4. Nf3 e6 5. Be2 c5 6. O-O Nc6 7. Be3 Qb6 8. Nc3 c4 9. b3 Qa5 10. Bd2 Bb4
11. Qe1 b5 12. a3 Bxc3 13. Bxc3 Qd8 14. Qd2 Nge7 15. bxc4 bxc4 16. Rab1 O-O 17. Rb5 a6 18. Rb7 Ng6
0-1

[Event "Pulvérisation CaroKannisante!"]
[Site "SchemingMind.com"]
[Date "2006.05.03"]
[Round "-"]
[White "MatdeInverses"]
[Black "tardon"]
[Result "1/2-1/2"]
[WhiteCountry "USA"]
[BlackCountry "ESP"]
[WhiteElo "1956"]
[WhiteRD "47"]
[BlackElo "1634"]
[BlackRD "108"]
[GameID "49163"]

1. e4 c6 2. d4 d5 3. exd5 cxd5 4. c4 Nf6 5. Nc3 Nc6 6. Nf3 Bg4 7. cxd5 Nxd5 8. Qb3 Bxf3 9. gxf3 e6 10. Qxb7 Nxd4
11. Bb5+ Nxb5 12. Qc6+ Ke7 13. Qxb5 Nxc3 14. bxc3 Qd5 15. Rb1 Qxb5 16. Rxb5 Kd6 17. Rb7 f6 18. Be3 Kc6 19. Rxa7 Rxa7 20. Bxa7 Bd6
21. Be3 Ra8 22. Ke2 Rxa2+ 23. Kd3=
1/2-1/2

[Event "Pulvérisation CaroKannisante!"]
[Site "SchemingMind.com"]
[Date "2006.05.05"]
[Round "-"]
[White "McKnights"]
[Black "tardon"]
[Result "1-0"]
[WhiteCountry "USA"]
[BlackCountry "ESP"]
[WhiteElo "1801"]
[WhiteRD "67"]
[BlackElo "1634"]
[BlackRD "108"]
[GameID "49633"]

1. e4 c6 2. d4 d5 3. exd5 cxd5 4. c4 Nf6 5. Nf3 Nc6 6. Nc3 Bg4 7. Be3 e6 8. Bg5 Be7 9. Be3 O-O 10. h3 Bh5
11. g4 Bg6 12. Nh4 Be4 13. f3 Nd7 14. Ng2 Bg6 15. cxd5 Nb4 16. Rc1 Nxd5 17. Nxd5 exd5 18. Nf4 Bh4+ 19. Ke2 Re8 20. Ng2 Bg3
21. Rc3 Qb6 22. Rb3 Qa6+ 23. Kd2 Qxa2 24. Bd3 Bxd3 25. Kxd3 Rac8 26. Rxb7 Qa6+ 27. Kd2
1-0

[Event "Pulvérisation CaroKannisante!"]
[Site "SchemingMind.com"]
[Date "2006.05.05"]
[Round "-"]
[White "McKnights"]
[Black "MatdeInverses"]
[Result "1/2-1/2"]
[WhiteCountry "USA"]
[BlackCountry "USA"]
[WhiteElo "1801"]
[WhiteRD "67"]
[BlackElo "1956"]
[BlackRD "47"]
[GameID "49634"]

1. e4 c6 2. d4 d5 3. exd5 cxd5 4. Nf3 Nc6 5. Nc3 Nf6 6. Bf4 a6 7. Be2 Bf5 8. O-O e6 9. Nh4 Bg6 10. Nf3 Bb4
11. a3 Bxc3 12. bxc3 Ne4 13. c4 Nc3 14. Qd2 Ne4 15. Qe3 Ne7 16. Rab1 Nf5 17. Qb3 dxc4 18. Qxb7 Nc3 19. Bxc4 Nxb1 20. Rxb1 O-O
21. Bg5 Qc8 22. Qxc8 Rfxc8 23. Bd3 h6 24. Bd2 Ne7 25. Bxg6 Nxg6 26. c3 Rab8 27. Rb4 Ne7 28. Ne5 Nd5 29. Rxb8 Rxb8 30. Kf1 Rb2
31. Nc4 Rc2 32. Ke1 Nxc3 33. Ne3 Rxd2 34. Kxd2 Nb5 35. Nc2 Kf8 36. Kd3 Ke7 37. a4 Nc7 38. Nb4 Kd6 39. Kc4 g5 40. Nd3 f6
41. Nc5 e5 42. Ne4+ Ke6 43. Nc5+ Kd6 44. Ne4+ Ke6 45. Nc5+ Kd6 46. Ne4+=
1/2-1/2

[Event "Pulvérisation CaroKannisante!"]
[Site "SchemingMind.com"]
[Date "2006.05.06"]
[Round "-"]
[White "tardon"]
[Black "McKnights"]
[Result "0-1"]
[WhiteCountry "ESP"]
[BlackCountry "USA"]
[WhiteElo "1634"]
[WhiteRD "108"]
[BlackElo "1801"]
[BlackRD "67"]
[GameID "49635"]

1. e4 c6 2. d4 d5 3. e5 Bf5 4. Nf3 Nd7 5. Bd3 Bxd3 6. Qxd3 e6 7. O-O Ne7 8. Bg5 h6 9. Bxe7 Bxe7 10. Nbd2 O-O
11. Rfe1 Qb6 12. b3 Rfc8 13. c4 Bb4 14. a3 Be7 15. b4 Qc7 16. c5 Rf8 17. h3 b6 18. Nb3 b5 19. a4 Rfb8 20. axb5 Rxb5
21. Ra4 Nf8 22. Rea1 Ng6 23. Qd2 Nh4 24. Nxh4 Bxh4 25. Qd3 Qb7
0-1

[Event "Pulvérisation CaroKannisante!"]
[Site "SchemingMind.com"]
[Date "2006.05.07"]
[Round "-"]
[White "MatdeInverses"]
[Black "McKnights"]
[Result "1-0"]
[WhiteCountry "USA"]
[BlackCountry "USA"]
[WhiteElo "1956"]
[WhiteRD "47"]
[BlackElo "1801"]
[BlackRD "67"]
[GameID "49636"]

1. e4 c6 2. d4 d5 3. exd5 Qxd5 4. Nc3 Qd8 5. Nf3 Nf6 6. Bc4 Bf5 7. Ne5 e6 8. g4 Bg6 9. h4 Bb4 10. Rh3 Nbd7
11. Qe2 Nxe5 12. dxe5 Ne4 13. h5 Qd4 14. Rd3 Nxc3 15. Rxd4 Nxe2+ 16. Kxe2 Bc5 17. Rd2 Be4 18. a4 Bd5 19. Bd3 Bd4 20. c4 Bg2
21. Be4 Bxe4 22. Rxd4 Bc2 23. Be3 h6 24. a5 g6 25. Rd2 Bb3 26. Kd3 O-O-O+ 27. Kc3 Rxd2 28. Bxd2 Rd8 29. Bxh6 Bd1 30. Bg5 Rd7
31. h6 Bxg4 32. h7
1-0

[Event "Pulvérisation CaroKannisante!"]
[Site "SchemingMind.com"]
[Date "2006.05.08"]
[Round "-"]
[White "smsrdan"]
[Black "tardon"]
[Result "1-0"]
[WhiteCountry "SRB"]
[BlackCountry "ESP"]
[WhiteElo "1999"]
[WhiteRD "90"]
[BlackElo "1409"]
[BlackRD "83"]
[GameID "49972"]

1. e4 c6 2. d4 d5 3. e5 Bf5 4. c4 e6 5. Nf3 Bb4+ 6. Bd2 Bxd2+ 7. Qxd2 Ne7 8. b3 O-O 9. Bd3 Bg4 10. Nc3 Bxf3
11. gxf3 dxc4 12. bxc4 Nd7 13. h4 c5 14. f4 cxd4 15. Ne4 Nf5 16. Ng3 Nxh4 17. O-O-O Ng6 18. Rdg1
1-0

[Event "Pulvérisation CaroKannisante!"]
[Site "SchemingMind.com"]
[Date "2006.05.08"]
[Round "-"]
[White "smsrdan"]
[Black "MatdeInverses"]
[Result "0-1"]
[WhiteCountry "SRB"]
[BlackCountry "USA"]
[WhiteElo "1832"]
[WhiteRD "177"]
[BlackElo "1956"]
[BlackRD "47"]
[GameID "49973"]

1. e4 c6 2. d4 d5 3. e5 Bf5 4. Nf3 e6 5. Be2 c5 6. Be3 c4 7. O-O Nc6 8. a3 b5 9. b3 Nge7 10. Nh4 Bg6
11. Bh5 Nf5 12. Nxf5 Bxf5 13. Nd2 Be7 14. Be2 O-O 15. f4 h6 16. Kh1 Rb8 17. Nf3 a5 18. Qd2 Qb6 19. h3 Be4 20. Nh2 Rfc8
21. Bf3 Bg6 22. g4 f5 23. exf6 Bxf6 24. f5 Bxd4 25. Bxd4 Qxd4 26. Qxd4 Nxd4 27. fxg6 Nxc2 28. Rab1 c3 29. Rf2 Nxa3 30. Rc1 b4
31. Re2 d4 32. Rxe6 d3 33. Bd5 Kh8 34. Nf3 Rd8 35. Be4 a4 36. Ne5 d2 37. Rd1 Rd4 38. Nc6 Rxe4 39. Rxe4 c2 40. Ree1 dxe1=Q+
41. Rxe1 Rc8
0-1

[Event "Pulvérisation CaroKannisante!"]
[Site "SchemingMind.com"]
[Date "2006.05.08"]
[Round "-"]
[White "smsrdan"]
[Black "McKnights"]
[Result "1-0"]
[WhiteCountry "SRB"]
[BlackCountry "USA"]
[WhiteElo "1832"]
[WhiteRD "177"]
[BlackElo "1801"]
[BlackRD "67"]
[GameID "49974"]

1. e4 c6 2. d4 d5 3. e5 Bf5 4. Nf3 e6 5. Be2 c5 6. Be3 Nc6 7. dxc5 Qa5+ 8. c3 O-O-O 9. b4 Qc7 10. Nd4 Nge7
11. f4 a6 12. a4 g5 13. b5 gxf4 14. Bxf4 Nxd4 15. cxd4 Ng6 16. Bg5 Rd7 17. bxa6 bxa6 18. Bxa6+ Kb8 19. Bb5 Qa5+ 20. Bd2 Qc7
21. Bxd7 Qxd7 22. Qb3+ Qb7 23. Qb5 Qxb5 24. axb5 Be7 25. Nc3 Bd3 26. Be3 Nh4 27. Kd2 Bc4 28. Ra3 Nxg2 29. Rha1 Nxe3 30. Ra8+
1-0

[Event "Pulvérisation CaroKannisante!"]
[Site "SchemingMind.com"]
[Date "2006.05.10"]
[Round "-"]
[White "tardon"]
[Black "smsrdan"]
[Result "0-1"]
[WhiteCountry "ESP"]
[BlackCountry "SRB"]
[WhiteElo "1409"]
[WhiteRD "83"]
[BlackElo "1999"]
[BlackRD "90"]
[GameID "49975"]

1. e4 c6 2. d4 d5 3. Nc3 dxe4 4. Nxe4 Bf5 5. Ng3 Bg6 6. Nf3 e6 7. Bd3 Bxd3 8. Qxd3 Nf6 9. O-O Be7 10. Bg5 Nbd7
11. Rfe1 O-O 12. Rad1 h6 13. Bxf6 Nxf6 14. Ne5 Qc7 15. c3 Rad8 16. Ne4 c5
0-1

[Event "Pulvérisation CaroKannisante!"]
[Site "SchemingMind.com"]
[Date "2006.05.08"]
[Round "-"]
[White "MatdeInverses"]
[Black "smsrdan"]
[Result "1/2-1/2"]
[WhiteCountry "USA"]
[BlackCountry "SRB"]
[WhiteElo "1956"]
[WhiteRD "47"]
[BlackElo "1832"]
[BlackRD "177"]
[GameID "49976"]

1. e4 c6 2. d4 d5 3. exd5 cxd5 4. c4 Nf6 5. Nc3 e6 6. Nf3 Nc6 7. c5 b6 8. Bb5 Bd7 9. Bxc6 Bxc6 10. Ne5 Qc8
11. b4 bxc5 12. bxc5 Rb8 13. O-O Be7 14. Bf4 Rb7 15. Rb1 O-O 16. Qf3 Nd7 17. Qg3 Nxe5 18. Bxe5 f6 19. Bd6 Bxd6 20. Qxd6 Qd7
21. Rxb7 Qxd6 22. Rxg7+ Kxg7 23. cxd6 Rb8 24. Rc1 Kf7 25. f4 Ke8 26. Re1 Kd7 27. f5 Re8 28. fxe6+ Rxe6 29. Rxe6= Kxe6 30. Kf2 Kxd6
31. Kf3 a6 32. Kf4 Bd7 33. g4 h6 34. h4=
1/2-1/2

[Event "Pulvérisation CaroKannisante!"]
[Site "SchemingMind.com"]
[Date "2006.05.08"]
[Round "-"]
[White "McKnights"]
[Black "smsrdan"]
[Result "0-1"]
[WhiteCountry "USA"]
[BlackCountry "SRB"]
[WhiteElo "1805"]
[WhiteRD "60"]
[BlackElo "1999"]
[BlackRD "90"]
[GameID "49977"]

1. e4 c6 2. d4 d5 3. exd5 cxd5 4. Nf3 Nc6 5. Bb5 Qb6 6. Nc3 e6 7. Be3 a6 8. Bxc6+ Qxc6 9. O-O Bd6 10. a3 Ne7
11. Ne2 b5 12. Rc1 Ng6 13. Ng3 O-O 14. c3 Re8 15. Re1 Bb7 16. Qd3 Rad8 17. Bd2 e5 18. dxe5 Bxe5 19. Be3 f6 20. Nd4 Bxd4
21. cxd4 Qd7 22. Rc5 Rc8 23. Rec1 Rxc5 24. Rxc5 Rc8 25. Rxc8+ Qxc8 26. Nf5 Qc4 27. Qb1 Bc8 28. Nd6 Qc6 29. Nxc8 Qxc8 30. Qd3 Ne7
31. h3 Qc4 32. Qd1 g6 33. Qe1 Nc6 34. Qd2 a5 35. g3 Kf7 36. Kg2 b4 37. axb4 axb4 38. Qd1 b3 39. g4 g5 40. Kf3 Nb4
41. Qe2 Nc2= 42. Qd2 Nb4 43. Qe2 Qd3 44. Qd2 Qxd2 45. Bxd2 Nd3 46. Bc3 Kg6 47. Ke3 Nf4 48. Kf3 Nxh3 49. Ke3 h5 50. f3 hxg4
51. fxg4 f5 52. gxf5+ Kxf5 53. Kf3= Nf4 54. Ke3 g4 55. Bd2 g3 56. Kf3 g2 57. Be3 Nd3 58. Kxg2 Ke4
0-1

[Event "Pulvérisation CaroKannisante!"]
[Site "SchemingMind.com"]
[Date "2006.05.19"]
[Round "-"]
[White "sansubari"]
[Black "MatdeInverses"]
[Result "0-1"]
[WhiteCountry "MAS"]
[BlackCountry "USA"]
[WhiteElo "1689"]
[WhiteRD "64"]
[BlackElo "1956"]
[BlackRD "47"]
[GameID "51469"]

1. e4 c6 2. d4 d5 3. e5 Bf5 4. f3 e6 5. Bd3 Qh4+ 6. g3 Qxd4 7. Bxf5 Qxe5+ 8. Qe2 Qxf5 9. c3 Nf6 10. Be3 Nbd7
11. Nd2 Bc5 12. g4 Qc2 13. Rb1 Ne5 14. Kf1 Bxe3 15. Qxe3 Nc4
0-1

[Event "Pulvérisation CaroKannisante!"]
[Site "SchemingMind.com"]
[Date "2006.05.19"]
[Round "-"]
[White "sansubari"]
[Black "smsrdan"]
[Result "0-1"]
[WhiteCountry "MAS"]
[BlackCountry "SRB"]
[WhiteElo "1707"]
[WhiteRD "62"]
[BlackElo "1999"]
[BlackRD "90"]
[GameID "51470"]

1. e4 c6 2. d4 d5 3. e5 Bf5 4. Nf3 h6 5. Nh4 Bh7 6. c3 e6 7. Nf3 a6 8. Qb3 b5 9. a4 Nd7 10. a5 f5
11. Bd3 Qe7 12. Qc2 g5 13. h3 Qf7 14. g3 Ne7 15. b4 O-O-O 16. g4 fxg4 17. Ng1 Bxd3 18. Qxd3 gxh3 19. Nxh3 Bg7 20. Be3 g4
21. Nf4 h5 22. Nd2 Bh6 23. Ng2 Bxe3 24. Nxe3 Rdg8 25. Ndf1 Qf3 26. Rg1 Nf8 27. Rg3 Qf7 28. Qe2 Nfg6 29. Nh2 Nf4 30. Qf1 Nf5
31. Nxf5 exf5 32. O-O-O h4 33. Rg1 Qh5 34. Qe1 g3 35. fxg3 Ne2+ 36. Kb2 Nxg1 37. Qxg1 hxg3 38. Nf3 Qxf3 39. Rf1 Qe2+ 40. Kb3 Rh2
0-1

[Event "Pulvérisation CaroKannisante!"]
[Site "SchemingMind.com"]
[Date "2006.05.19"]
[Round "-"]
[White "sansubari"]
[Black "McKnights"]
[Result "0-1"]
[WhiteCountry "MAS"]
[BlackCountry "USA"]
[WhiteElo "1689"]
[WhiteRD "64"]
[BlackElo "1801"]
[BlackRD "67"]
[GameID "51471"]

1. e4 c6 2. d4 d5 3. e5 Bf5 4. Nf3 Qb6 5. b3 e6 6. Nh4 Bg6 7. Nxg6 hxg6 8. Bb2 Nd7 9. h4 c5 10. a4 a5
11. Bb5 Nh6 12. h5 g5 13. Qd3 Nf5 14. c3 Rc8 15. Nd2 Kd8 16. Bxd7 Kxd7 17. Qb5+ Rc6 18. Nf3 cxd4 19. Nxd4 Nxd4 20. cxd4 Bb4+
21. Kf1 Qxb5+ 22. axb5 Rc2 23. Bc1 Bd2 24. Bxd2 Rxd2 25. Rh3 b6 26. Ra4 Rc8 27. Re3 Rcc2 28. Ra1 Rxf2+ 29. Ke1 Rxg2 30. b4 Rg1#
0-1

[Event "Pulvérisation CaroKannisante!"]
[Site "SchemingMind.com"]
[Date "2006.05.19"]
[Round "-"]
[White "MatdeInverses"]
[Black "sansubari"]
[Result "1-0"]
[WhiteCountry "USA"]
[BlackCountry "MAS"]
[WhiteElo "1956"]
[WhiteRD "47"]
[BlackElo "1689"]
[BlackRD "64"]
[GameID "51473"]

1. e4 c6 2. d4 d5 3. exd5 Qxd5 4. c4 Qe4+ 5. Be3 Bf5 6. Nc3 Qc2 7. Nf3 Qxb2 8. Rc1 e6 9. c5 b6 10. Ne5 b5
11. Nxb5 cxb5 12. Qf3 Qb4+ 13. Bd2 Qxd4 14. Bxb5+ Ke7 15. Bg5+ f6 16. Qb7+ Kd8 17. Nf7#
1-0

[Event "Pulvérisation CaroKannisante!"]
[Site "SchemingMind.com"]
[Date "2006.05.19"]
[Round "-"]
[White "smsrdan"]
[Black "sansubari"]
[Result "1-0"]
[WhiteCountry "SRB"]
[BlackCountry "MAS"]
[WhiteElo "1999"]
[WhiteRD "90"]
[BlackElo "1707"]
[BlackRD "62"]
[GameID "51474"]

1. e4 c6 2. d4 d5 3. e5 Bf5 4. Nf3 e6 5. Bd3 Bg6 6. Bxg6 hxg6 7. Be3 Nd7 8. Nc3 Bb4 9. O-O Ne7 10. Ne2 Nf5
11. c3 Be7 12. Ng3 Bh4 13. Bf4 Nxg3 14. Bxg3 Bxg3 15. fxg3 Qb6 16. Qe2 Rh5 17. Rf2 O-O-O 18. h3 Rdh8 19. g4 R5h6 20. Ng5 Rf8
21. Raf1 c5 22. Nxf7 Rh4 23. Nd6+ Kc7 24. Rxf8 Nxf8 25. Rxf8 cxd4 26. Nb5+ Kd7 27. Nxd4
1-0

[Event "Pulvérisation CaroKannisante!"]
[Site "SchemingMind.com"]
[Date "2006.05.19"]
[Round "-"]
[White "McKnights"]
[Black "sansubari"]
[Result "1-0"]
[WhiteCountry "USA"]
[BlackCountry "MAS"]
[WhiteElo "1805"]
[WhiteRD "60"]
[BlackElo "1707"]
[BlackRD "62"]
[GameID "51475"]

1. e4 c6 2. d4 d5 3. exd5 Qxd5 4. Nf3 Bg4 5. Be2 e6 6. c4 Qa5+ 7. Bd2 Bb4 8. a3 Bxd2+ 9. Nbxd2 Nf6 10. b4 Qd8
11. Nb3 Ne4 12. Qd3 Bf5 13. Qe3 Nf6 14. O-O Qc7 15. Ne5 Nbd7 16. f4 Rd8 17. Rad1 Nxe5 18. dxe5 Ng4 19. Bxg4 Bxg4 20. Rxd8+ Qxd8
21. h3 Bf5 22. Nd4 Bg6 23. Rd1 O-O 24. Rd2 Qb6 25. c5 Qc7 26. Nf3 a5 27. g4 h6 28. h4 Rd8 29. h5 Bh7 30. g5 axb4
31. axb4 Rxd2 32. Qxd2 Be4 33. Ne1 hxg5 34. Ng2 g4 35. Ne3 Bf3 36. Kf2 b6 37. Kg3 bxc5 38. bxc5 Qe7 39. Qd6 Qxd6 40. exd6 Kf8
41. Nxg4 Bxg4 42. Kxg4 f6 43. Kf3 Kf7 44. Kg4 Ke8 45. h6 gxh6 46. Kh5 e5 47. fxe5 fxe5 48. Kg4 Kf7 49. Kf5 h5 50. Kxe5 h4
51. Kf4
1-0

[Event "Pulvérisation CaroKannisante!"]
[Site "SchemingMind.com"]
[Date "2006.05.19"]
[Round "-"]
[White "fouche"]
[Black "sansubari"]
[Result "0-1"]
[WhiteCountry "COL"]
[BlackCountry "MAS"]
[WhiteElo "1606"]
[WhiteRD "59"]
[BlackElo "1707"]
[BlackRD "62"]
[GameID "51523"]

1. e4 c6 2. d4 d5 3. Nc3 dxe4 4. Nxe4 Bf5 5. Ng3 Bg6 6. Nh3 e6 7. Nf4 Bd6 8. Nxg6 hxg6 9. Be3 Bxg3 10. fxg3 Nd7
11. Bd3 Ngf6 12. Qf3 Nd5 13. O-O-O Nxe3 14. Qxe3 Qa5 15. Kb1 O-O-O 16. c3 Nf6 17. h3 Qb6 18. Bxg6 Nd5 19. Qe1 fxg6 20. Qxe6+ Kb8
21. Ka1 Rh6 22. Rhf1 g5 23. Qe5+ Qc7 24. Qxg5 Re8 25. c4 Ne3 26. Qf4 Nxd1 27. Rxd1 Qxf4 28. gxf4 Re4 29. d5 Rd6 30. Kb1 Rxf4
31. b3 cxd5 32. c5 Rd7 33. a3 Rf2 34. Rg1 d4 35. g4 d3 36. Rd1 d2 37. Kc2 Rh2 38. b4 Rxh3
0-1

[Event "Pulvérisation CaroKannisante!"]
[Site "SchemingMind.com"]
[Date "2006.05.19"]
[Round "-"]
[White "fouche"]
[Black "MatdeInverses"]
[Result "0-1"]
[WhiteCountry "COL"]
[BlackCountry "USA"]
[WhiteElo "1650"]
[WhiteRD "62"]
[BlackElo "1956"]
[BlackRD "47"]
[GameID "51525"]

1. e4 c6 2. d4 d5 3. Nc3 dxe4 4. Nxe4 Nf6 5. Nxf6+ gxf6 6. Nf3 Bf5 7. Bd3 Rg8 8. Rg1 Bg6 9. Bf4 Nd7 10. Qd2 Qb6
11. O-O-O O-O-O 12. Kb1 Bg7 13. g4 e5 14. dxe5 Nxe5 15. Nxe5 fxe5 16. Be3 c5 17. Qe2 e4 18. Bb5 a6 19. c4 axb5 20. cxb5 Rd3
21. Rc1 Bd4 22. Rc4 Kb8 23. Bf4+ Kc8 24. a4 e3 25. Ka2 Rd2 26. Qf3 Rxb2+ 27. Ka3 Rxf2 28. Qg3 Qe6 29. Rgc1 Bb2+ 30. Kb3 Bxc1
31. Bb8 Rb2+ 32. Kc3 Rc2+
0-1

[Event "Pulvérisation CaroKannisante!"]
[Site "SchemingMind.com"]
[Date "2006.05.19"]
[Round "-"]
[White "fouche"]
[Black "smsrdan"]
[Result "1/2-1/2"]
[WhiteCountry "COL"]
[BlackCountry "SRB"]
[WhiteElo "1606"]
[WhiteRD "59"]
[BlackElo "1999"]
[BlackRD "90"]
[GameID "51526"]

1. e4 c6 2. d4 d5 3. Nc3 dxe4 4. Nxe4 Bf5 5. Ng3 Bg6 6. Nf3 h6 7. Bd3 Bxd3 8. Qxd3 Nf6 9. O-O e6 10. Bf4 Bd6
11. Be5 Qc7 12. Rfe1 Nbd7 13. Rad1 O-O-O 14. c4 Kb8 15. Bxd6 Qxd6 16. a3 Qf4 17. Ne2 Qf5 18. Ng3 Qxd3 19. Rxd3 Kc7 20. b4 a6
21. Red1 Kd6 22. Nd2 Ke7 23. Nde4 Rhe8 24. Nc5 Nxc5 25. bxc5 Rd7 26. f3 Red8 27. Ne2 Ne8 28. Nc3 f5 29. d5 cxd5 30. cxd5 exd5
31. Nxd5+ Kf7 32. Kf2 Nc7 33. Nb4 Rxd3 34. Rxd3 Rxd3 35. Nxd3 g5 36. Ke3 Ke6 37. f4 Nb5 38. a4 Nc3 39. fxg5 hxg5 40. a5 Kd5
41. g3 Ne4 42. h4 Nxg3 43. hxg5 Nh5 44. Nf4+ Nxf4 45. Kxf4 Ke6 46. g6 Kf6 47. g7 Kxg7 48. Kxf5 Kf7 49. Ke5=
1/2-1/2

[Event "Pulvérisation CaroKannisante!"]
[Site "SchemingMind.com"]
[Date "2006.05.19"]
[Round "-"]
[White "fouche"]
[Black "McKnights"]
[Result "1/2-1/2"]
[WhiteCountry "COL"]
[BlackCountry "USA"]
[WhiteElo "1589"]
[WhiteRD "55"]
[BlackElo "1749"]
[BlackRD "58"]
[GameID "51527"]

1. e4 c6 2. d4 d5 3. Nc3 dxe4 4. Nxe4 e5 5. Nf3 exd4 6. Nxd4 c5 7. Bb5+ Bd7 8. Qe2 Qe7 9. Bxd7+ Nxd7 10. Nf5 Qe6
11. Ned6+ Bxd6 12. Nxd6+ Kf8 13. Qxe6 fxe6 14. Nxb7 Ngf6 15. Nd6 Ke7 16. Nc4 h6 17. Be3 Nd5 18. O-O-O Rhf8 19. Rhf1 Rf7 20. Bd2 Raf8
21. f3 g5 22. h3 Nf4 23. Bxf4 Rxf4 24. b3 Nf6 25. Ne5 Nd5 26. Rxd5 exd5 27. Ng6+ Kd6 28. Nxf8 Rxf8 29. Re1 a5 30. Kd2 Rf6
31. Kd3 Rf4 32. Re8 c4+ 33. Ke3 Kc5 34. Re5 Kd6 35. Re8 Kc5 36. c3 cxb3 37. axb3 Rf6 38. g3 Rb6 39. Rc8+ Kd6 40. Rh8 Rxb3
41. Kd4 a4 42. Rxh6+ Ke7 43. Ra6 a3 44. h4 gxh4 45. gxh4 Rb2 46. Kxd5 Rf2 47. Ke4 a2 48. h5 Rh2 49. h6 Kf7 50. c4 Kg8
51. c5 Kh7 52. f4 Rc2 53. Kd5 Rd2+ 54. Kc6 Kxh6 55. Kb7+ Kg7 56. c6 Rb2+ 57. Kc8 Kf7 58. c7 Ke7 59. f5 Rf2 60. Kb7 Rb2+
61. Rb6 a1=Q 62. c8=Q Rxb6+ 63. Kxb6 Qb2+ 64. Kc7 Qc3+ 65. Kb8 Qb4+ 66. Qb7+ Qxb7+=
1/2-1/2

[Event "Pulvérisation CaroKannisante!"]
[Site "SchemingMind.com"]
[Date "2006.05.19"]
[Round "-"]
[White "MatdeInverses"]
[Black "fouche"]
[Result "1-0"]
[WhiteCountry "USA"]
[BlackCountry "COL"]
[WhiteElo "1956"]
[WhiteRD "47"]
[BlackElo "1650"]
[BlackRD "62"]
[GameID "51530"]

1. e4 c6 2. d4 d5 3. exd5 cxd5 4. c4 Nf6 5. Nc3 Nc6 6. cxd5 Nxd5 7. Nf3 Bg4 8. Qb3 Bxf3 9. gxf3 Nxc3 10. bxc3 Qb6
11. Rb1 Qxb3 12. Rxb3 Na5 13. Rb5 b6 14. Rd5 e6 15. Bb5+ Ke7 16. Bg5+ f6 17. Rd7+ Ke8 18. Rxa7+
1-0

[Event "Pulvérisation CaroKannisante!"]
[Site "SchemingMind.com"]
[Date "2006.05.19"]
[Round "-"]
[White "smsrdan"]
[Black "fouche"]
[Result "1-0"]
[WhiteCountry "SRB"]
[BlackCountry "COL"]
[WhiteElo "1999"]
[WhiteRD "90"]
[BlackElo "1606"]
[BlackRD "59"]
[GameID "51531"]

1. e4 c6 2. d4 d5 3. e5 Bf5 4. g4 Bg6 5. h4 h5 6. gxh5 Bxh5 7. Be2 Bxe2 8. Qxe2 e6 9. h5 Nh6 10. Bxh6 gxh6
11. f4 Nd7 12. Nc3 Qb6 13. O-O-O O-O-O 14. Qf3 Be7 15. Nge2 Rdg8 16. Rhg1 a5 17. f5 Qd8 18. f6 Nxf6 19. exf6 Bxf6 20. Kb1 Qe7
21. Rgf1 Bg5 22. Qxf7 Rf8 23. Qg6 Rf6 24. Rxf6 Qxf6 25. Qxf6 Bxf6 26. Rf1 Rf8 27. Na4 b5 28. Nc5 Rf7 29. Nxe6 Kd7 30. Nc5+ Ke7
31. c3 Rg7 32. Rg1 Rg5 33. Rxg5 hxg5 34. Kc2 g4 35. Ng3 Bh4 36. Nf5+
1-0

[Event "Pulvérisation CaroKannisante!"]
[Site "SchemingMind.com"]
[Date "2006.05.19"]
[Round "-"]
[White "McKnights"]
[Black "fouche"]
[Result "1-0"]
[WhiteCountry "USA"]
[BlackCountry "COL"]
[WhiteElo "1749"]
[WhiteRD "58"]
[BlackElo "1589"]
[BlackRD "55"]
[GameID "51532"]

1. e4 c6 2. d4 d5 3. Nc3 dxe4 4. Nxe4 Bf5 5. Bd3 Bxe4 6. Bxe4 Nf6 7. Bf3 Nbd7 8. Be3 e6 9. Ne2 Bd6 10. c4 O-O
11. O-O Qc7 12. Ng3 b6 13. Rc1 Rad8 14. Bg5 c5 15. Ne4 h6 16. Bxf6 Nxf6 17. Nxf6+ gxf6 18. d5 Bxh2+ 19. Kh1 Be5 20. Qc2 f5
21. Bh5 Bf4 22. Rce1 Qe7 23. Qxf5 Qh4+ 24. Qh3 Qxh3+ 25. gxh3 e5 26. Kg2 f5 27. Kf3 Kh8 28. Rg1 Rg8 29. h4 Rd7 30. Rxg8+ Kxg8
31. Bg6 Rd6 32. Bxf5 Rf6 33. Ke4 Rf8 34. Rg1+ Kf7 35. h5 Rb8 36. Be6+ Ke7 37. Rg7+ Kf6 38. Rxa7 b5 39. Ra5 bxc4 40. Rxc5 Rxb2
41. a4 Rxf2 42. Bg4 Rc2 43. a5 Rg2 44. Rc6+ Kg5 45. Rg6+ Kh4 46. Bf3 Ra2 47. a6 c3 48. Bd1 c2 49. Bxc2 Rxc2 50. d6 Kxh5
51. d7 Rd2 52. Rg7 Bg5 53. Kxe5 Be3 54. Ke6 Bb6 55. Rg8 Kh4 56. a7 Bxa7= 57. d8=Q+ Rxd8 58. Rxd8 Be3 59. Kf5 h5 60. Rg8 Kh3
61. Ke4 Bf2 62. Kf3 Be1 63. Rg1
1-0

[Event "Pulvérisation CaroKannisante!"]
[Site "SchemingMind.com"]
[Date "2006.05.19"]
[Round "-"]
[White "ghanafeast"]
[Black "sansubari"]
[Result "0-1"]
[WhiteCountry "GER"]
[BlackCountry "MAS"]
[WhiteElo "1714"]
[WhiteRD "81"]
[BlackElo "1707"]
[BlackRD "62"]
[GameID "51580"]

1. e4 c6 2. d4 d5 3. e5 Bf5 4. Nf3 e6 5. Nc3 Bb4 6. Bd2 h6 7. Be2 Ne7 8. Na4 Qa5 9. Nc5 Bxd2+ 10. Nxd2 Qb6
11. Rb1 Nd7 12. Ndb3 Nxc5 13. Nxc5 Qb4+ 14. Qd2 Qxd2+ 15. Kxd2 b6 16. Nb7 Nc8 17. g4 Bg6 18. c4 Bxb1 19. Rxb1 dxc4 20. Bxc4 Rb8
21. Nd6+ Nxd6 22. exd6 Kd7 23. f4 a5 24. Kd3 b5 25. Bb3 a4 26. Bd1 Kxd6 27. Ke4 Rhd8 28. Bf3 Ke7 29. g5 hxg5 30. fxg5 Rh8
31. Rh1 Rh4+ 32. Ke3 Rc8 33. Be4 g6 34. Bg2 c5 35. d5 Rg4 36. Rd1 Rxg2
0-1

[Event "Pulvérisation CaroKannisante!"]
[Site "SchemingMind.com"]
[Date "2006.05.20"]
[Round "-"]
[White "ghanafeast"]
[Black "fouche"]
[Result "1-0"]
[WhiteCountry "GER"]
[BlackCountry "COL"]
[WhiteElo "1714"]
[WhiteRD "81"]
[BlackElo "1606"]
[BlackRD "59"]
[GameID "51582"]

1. e4 c6 2. d4 d5 3. f3 dxe4 4. fxe4 e6 5. Nf3 Nd7 6. Bd3 Ngf6 7. O-O Be7 8. Be3 Qc7 9. Nc3 e5 10. dxe5 Nxe5
11. Nxe5 Qxe5 12. Bf4 Qd4+ 13. Kh1 Bg4 14. Be2 Qxd1 15. Raxd1 O-O 16. Bxg4 Nxg4 17. Rd7 Bb4 18. Rxb7 Bxc3 19. bxc3 Nf6 20. e5 Nd5
21. Bd2 a5 22. g3 a4 23. c4 Rac8 24. cxd5 cxd5 25. c3 Rc6 26. Rb5 Rd8 27. Rf3 h6 28. Rd3 d4 29. cxd4 f6 30. Be3 fxe5
31. Rxe5 Rc2 32. a3 Rb8 33. Rd1 Rbb2 34. Bg1 Rb3 35. Re3 Ra2 36. d5 Raxa3 37. d6
1-0

[Event "Pulvérisation CaroKannisante!"]
[Site "SchemingMind.com"]
[Date "2006.05.20"]
[Round "-"]
[White "ghanafeast"]
[Black "MatdeInverses"]
[Result "0-1"]
[WhiteCountry "GER"]
[BlackCountry "USA"]
[WhiteElo "1714"]
[WhiteRD "81"]
[BlackElo "1978"]
[BlackRD "46"]
[GameID "51583"]

1. e4 c6 2. d4 d5 3. Nc3 dxe4 4. Nxe4 Nf6 5. Nxf6+ exf6 6. c3 Bd6 7. Be3 O-O 8. Bc4 Be6 9. Bb3 Re8 10. Nf3 f5
11. O-O f4 12. Bd2 Bg4 13. Re1 Nd7 14. h3 Bh5 15. Rxe8+ Qxe8 16. a4 Qe4 17. Bc4 Bxf3 18. Qxf3 Qxf3 19. gxf3 Nb6 20. Bb3 Re8
21. a5 Nd7 22. Bd1 g6 23. b4 Kg7 24. c4 f5 25. c5 Bc7 26. Bc3 Kf7 27. Bb3+ Kf8 28. d5 Be5 29. Rc1 Nf6 30. b5 cxd5
31. c6 bxc6 32. bxc6 Bxc3 33. Rxc3 Rc8 34. Rc5 Rc7 35. Bxd5 Nxd5 36. Rxd5 Rxc6 37. Rd7 Ra6 38. Rxh7 Rxa5 39. Kf1 Ra2 40. Rh6 Kg7
41. Rh4 Ra4 42. Ke2 Rb4 43. Kd3= a5 44. Kc3= Ra4 45. Kb3 Rd4 46. Kc2 a4 47. Kc3 a3 48. Kxd4 a2 49. Kd5 a1=Q
0-1